A Nation in bondage and stupendous issues. (Record no. 15939)
[ view plain ]
| 000 -LEADER | |
|---|---|
| fixed length control field | 00752cam a22002411 4500 |
| 001 - CONTROL NUMBER | |
| control field | ca 25000271 |
| 003 - CONTROL NUMBER IDENTIFIER | |
| control field | DLC |
| 005 - DATE AND TIME OF LATEST TRANSACTION | |
| control field | 20260227111114.0 |
| 007 - PHYSICAL DESCRIPTION FIXED FIELD--GENERAL INFORMATION | |
| fixed length control field | cr_||||||||||| |
| 008 - FIXED-LENGTH DATA ELEMENTS--GENERAL INFORMATION | |
| fixed length control field | 800603s1916 nyu 000 0 eng |
| 010 ## - LIBRARY OF CONGRESS CONTROL NUMBER | |
| LC control number | ca 25000271 |
| 035 ## - SYSTEM CONTROL NUMBER | |
| System control number | (OCoLC)6384151 |
| 040 ## - CATALOGING SOURCE | |
| Original cataloging agency | DLC |
| Transcribing agency | Vi |
| Modifying agency | Vi |
| -- | DLC |
| 042 ## - AUTHENTICATION CODE | |
| Authentication code | premarc |
| 050 00 - LIBRARY OF CONGRESS CALL NUMBER | |
| Classification number | F1234 |
| Item number | .N27 |
| 245 02 - TITLE STATEMENT | |
| Title | A Nation in bondage and stupendous issues. |
| 260 ## - PUBLICATION, DISTRIBUTION, ETC. | |
| Place of publication, distribution, etc. | New York, |
| Name of publisher, distributor, etc. | Latin-American News Association |
| Date of publication, distribution, etc. | [1916?] |
| 300 ## - PHYSICAL DESCRIPTION | |
| Extent | 14 p. |
| Other physical details | illus. |
| Dimensions | 23 cm. |
| 530 ## - ADDITIONAL PHYSICAL FORM AVAILABLE NOTE | |
| Additional physical form available note | Also available in digital form on the Internet Archive Web site. |
| 651 #0 - SUBJECT ADDED ENTRY--GEOGRAPHIC NAME | |
| Geographic name | Mexico |
| General subdivision | History |
| Chronological subdivision | 1910-1946. |
| 710 2# - ADDED ENTRY--CORPORATE NAME | |
| Corporate name or jurisdiction name as entry element | Latin-American News Association. |
| 856 41 - ELECTRONIC LOCATION AND ACCESS | |
| Uniform Resource Identifier | <a href="http://hdl.loc.gov/loc.gdc/scd0001.00159912255">http://hdl.loc.gov/loc.gdc/scd0001.00159912255</a> |
No items available.